Statistiques concernant Pokemon - Devines l'évolution

Cliquez ici pour prendre le quiz!

Statistiques générales

  • Ce quiz a été pris 58 fois
  • Le résultat moyen est 12 sur 15

Statistiques - réponses

HintRéponse% Correct
KokiyasCrustabri
96%
BoustiflorEmpiflor
88%
SpoinkGroret
87%
MakuhitaHariyama
87%
GlouptiAvaltout
85%
ExcelangueCoudlangue
81%
TournegrinHéliatronc
79%
ChovsourirRhinolove
79%
SancokiTritosor
77%
DoudouvetFarfaduvet
73%
ColimucusMuplodocus
71%
ArakdoMaskadra
67%
BrocélômeDesséliande
65%
ToxizapSalarsen
63%
GrelaçonSéracrawl
63%

Distribution des résultats

Percentile par nombre de réponses

% des personnes avec chaque résultat

Votre développement - résultats

Vous n’avez pas pris ce quiz